000 00462nam a2200181Ia 4500
008 220216s9999 xx 000 0 und d
100 _aJacob C.K.
245 0 _aNew experiments in crop protection. 2.
260 _bRubber
_c2003
650 _aBark rot
650 _aColletotrichum
650 _aCorynespora leaf disease
650 _aDry rot patch canker
650 _aPink disease
650 _aPowdery mildew
650 _aRoot diseases
942 _cML
999 _c72973
_d72973